[Event "It"]
[Site "masterchessopen.com – Arbon"]
[Round "0"]
[White "Wade Robert G (ENG)"]
[Black "Beni Alfred (AUT)"]
[Result "1-0"]
[WhiteElo "2148"]
[BlackElo "2210"]

1.e4 c5 2.Nf3 Nc6 3.d4 cxd4 4.Nxd4 Nf6 5.Nc3 d6 6.Be2 e5 7.Nf3 h6 8.O-O Be6
9.b3 Be7 10.Bb2 O-O 11.Re1 a6 12.h3 b5 13.Bd3 b4 14.Nb1 g6 15.Nbd2 Nh5 16.Bc4
Qd7 17.Bxe6 Qxe6 18.Nc4 Nf4 19.Nb6 Rab8 20.Nd5 f5 21.Nxf4 exf4 22.exf5 Qxf5
23.Rxe7 Nxe7 24.Qd4 Kf7 25.Re1 Rb7 26.Nh4 Qc5 27.Qg7+ Ke8 28.Nxg6 {#r} 1-0

[Event "It"]
[Site "masterchessopen.com – Trencianske Teplice (Slovakia)"]
[Round "3"]
[White "Paoli Enrico (ITA)"]
[Black "Kottnauer Cenek (ENG)"]
[Result "1-0"]
[WhiteElo "2300"]
[BlackElo "2370"]

1.e4 c5 2.Nf3 Nc6 3.d4 cxd4 4.Nxd4 Nf6 5.Nc3 d6 6.Be2 e5 7.Nf3 h6 8.Be3 Be6
9.O-O Be7 10.Qd2 d5 11.exd5 Nxd5 12.Bb5 f6 13.Rad1 Nxe3 14.Qxe3 Qb6 15.Qd3 Rd8
16.Qg6+ Kf8 17.Rxd8+ Bxd8 18.Nxe5 Be7 19.Nd5 {#r} 1-0

[Event "Izt"]
[Site "masterchessopen.com – Saltsjobaden (Sweden)"]
[Round "8"]
[White "Unzicker Wolfgang (GER)"]
[Black "Taimanov Mark E (RUS)"]
[Result "0-1"]
[WhiteElo "2433"]
[BlackElo "2386"]

1.e4 c5 2.Nf3 Nc6 3.d4 cxd4 4.Nxd4 Nf6 5.Nc3 d6 6.Be2 e5 7.Nf3 h6 8.O-O Be7
9.Re1 O-O 10.h3 a6 11.Bf1 b5 12.a3 Bb7 13.b3 Rc8 14.Bb2 Rc7 15.Nb1 Qa8 16.Nbd2
Nd8 17.Bd3 Ne6 18.Rc1 ( 18.c4 Nc5 { ??+ } ) 18...Rfc8 19.Nh2 Nd7 20.Nhf1 Ndc5
21.Ng3 g6 22.Ne2 Bg5 ( 22...Nxe4 23.Nxe4 Bxe4 24.Bxe4 Qxe4 25.Nc3 { ? ?d5 } )
23.Nc3 Nd4 ( 23...Nxd3 24.cxd3 Nc5 25.Qe2 Bxd2 26.Qxd2 Nxb3 27.Qxh6 Nxc1
28.Bxc1 { ? ? ?g5! } ) 24.Ncb1 d5 25.exd5 ( 25.Bxd4 Nxd3 { ??+ } ) 25...Nxd3
26.cxd3 Rxc1 27.Bxc1 Bxd5 28.f3 Rc2 29.a4 ( 29.Rxe5 Qc6 30.Re1 Rxc1 31.Qxc1
Qxc1 32.Rxc1 Ne2+ { ??+ } ) 29...b4 30.Kh1 Qc6 {#R} 0-1

[Event "Tournament"]
[Site "masterchessopen.com – Minsk (Belarus)"]
[Round "0"]
[White "Ljuboschitz Alexander (GER)"]
[Black "Suetin Alexei S (RUS)"]
[Result "0-1"]
[WhiteElo "2172"]
[BlackElo "2327"]

1.e4 c5 2.Nf3 Nc6 3.d4 cxd4 4.Nxd4 Nf6 5.Nc3 d6 6.Be2 e5 7.Nf3 h6 8.O-O Be7
9.Be3 O-O 10.Qd2 a6 11.a4 Be6 12.Rfd1 Rc8 13.Ne1 Na5 14.Nd5 Bxd5 15.exd5 Nc4
16.Bxc4 Rxc4 17.b3 Rc8 18.a5 Nd7 19.c4 f5 20.f4 exf4 21.Bxf4 Nc5 22.Qb4 Bf6
23.Ra2 Re8 24.Nf3 Re4 25.Bg3 Re3 26.Rb1 Qe7 27.Bf2 Qe4 28.Nd2 Qd3 29.Rf1 Re2
30.Bxc5 dxc5 31.Qxb7 Bd4+ 32.Kh1 Rxd2 33.Qxc8+ Kh7 34.Rg1 Rxa2 {#R} 0-1

[Event "Memorial Stevenson"]
[Site "masterchessopen.com – Bognor Regis (England)"]
[Round "10"]
[White "Cafferty Bernard (ENG)"]
[Black "Gereben Erno (SUI)"]
[Result "0-1"]
[WhiteElo "2127"]
[BlackElo "2320"]

1.e4 c5 2.Nf3 Nc6 3.d4 cxd4 4.Nxd4 Nf6 5.Nc3 d6 6.Be2 e5 7.Nf3 h6 8.O-O Be6
9.Re1 Be7 10.b3 a6 11.Bb2 O-O 12.h3 Rc8 13.Bc1 Nb8 14.Nd2 Qc7 15.Nc4 Nc6 16.a3
Nd4 17.Bd3 b5 18.Ne3 Qb7 19.Nf5 Nxf5 20.exf5 Bd7 21.f4 Bc6 22.fxe5 dxe5
23.Rxe5 Bd6 24.Re2 Bb8 25.g4 Ba7+ 26.Kf1 Bf3 27.Qd2 Bxe2+ {#R} 0-1

[Event "Ch URS (1/2 final)"]
[Site "masterchessopen.com – Novgorod (Russia)"]
[Round "10"]
[White "Iljinsky Yaroslav (RUS)"]
[Black "Suetin Alexei S (RUS)"]
[Result "0-1"]
[WhiteElo "2270"]
[BlackElo "2327"]

1.e4 c5 2.Nf3 Nc6 3.d4 cxd4 4.Nxd4 Nf6 5.Nc3 d6 6.Be2 e5 7.Nf3 h6 8.O-O Be7
9.h3 O-O 10.Be3 a6 11.a4 Be6 12.Qd2 Rc8 13.Rfd1 Qc7 14.a5 Nxa5 15.Bxh6 gxh6
16.Qxh6 Nh7 17.Nd5 Bxd5 18.exd5 Kh8 19.Rd3 Qd8 20.h4 Nc4 21.Rc3 Nb6 22.Rxc8
Nxc8 23.g4 Rg8 24.g5 Rg6 25.Qh5 e4 26.Ra4 exf3 27.Bd3 Rg7 28.Rg4 Bf8 29.g6
fxg6 30.Bxg6 Qf6 31.Rg5 Ne7 32.Be4 Rxg5+ {#R} 0-1

[Event "It"]
[Site "masterchessopen.com – Dortmund (Germany)"]
[Round "0"]
[White "Westerinen Heikki M J (FIN)"]
[Black "Kunsztowicz Uwe (GER)"]
[Result "0-1"]
[WhiteElo "2435"]
[BlackElo "2440"]

1.e4 c5 2.Nf3 Nc6 3.d4 cxd4 4.Nxd4 Nf6 5.Nc3 d6 6.Be2 e5 7.Nf3 h6 8.O-O Be7
9.Bc4 O-O 10.a3 a6 11.Qd3 b5 12.Ba2 Bb7 13.Be3 Rc8 14.Nh4 b4 15.Na4 Nd4
16.Bxd4 exd4 17.f3 d5 18.axb4 dxe4 19.fxe4 Bxe4 20.Qxa6 Rxc2 21.Rae1 d3 22.Nc3
Ba8 23.Qc4 Rxb2 24.Rb1 Qb6+ 25.Kh1 Rxb1 26.Bxb1 Qxb4 27.Qxb4 Bxb4 28.Na2 Bc5
29.Bxd3 Ng4 30.Ba6 Bd5 31.Nc1 Nf2+ 32.Kg1 Ra8 {#R} 0-1

[Event "Memorial Kostic"]
[Site "masterchessopen.com – Vrsac (Yugoslavia)"]
[Round "3"]
[White "Nikolin Dusan"]
[Black "Ivanovic Bozidar (MNE)"]
[Result "0-1"]
[WhiteElo "2200"]
[BlackElo "2418"]

1.e4 c5 2.Nf3 Nc6 3.d4 cxd4 4.Nxd4 Nf6 5.Nc3 d6 6.Be2 e5 7.Nf3 h6 8.O-O Be7
9.Be3 O-O 10.Qd2 Be6 11.Rad1 a6 12.Ne1 Rc8 13.f3 Nd4 14.Bxd4 exd4 15.Qxd4 d5
16.Nd3 dxe4 17.Qxd8 Rfxd8 18.fxe4 b5 19.a4 b4 20.Nd5 Bxd5 21.exd5 Rxc2 22.Bf3
Nxd5 23.Rfe1 Kf8 24.Ne5 Nf6 25.Nd3 g5 26.h3 Rd4 27.a5 h5 28.Bb7 g4 29.hxg4
Nxg4 30.Bxa6 h4 31.Rc1 b3 32.Bb5 Bd6 33.a6 Rxd3 34.Bxd3 Bc5+ 35.Kh1 {#R} 0-1

[Event "Zt (w)"]
[Site "masterchessopen.com – Frunze (Kyrgyzstan)"]
[Round "0"]
[White "Fomina Tatyana (EST)"]
[Black "Ioseliani Nana (GEO)"]
[Result "0-1"]
[WhiteElo "2215"]
[BlackElo "2475"]

1.e4 c5 2.Nf3 Nc6 3.d4 cxd4 4.Nxd4 Nf6 5.Nc3 d6 6.Be2 e5 7.Nf3 h6 8.O-O Be6
9.b3 Be7 10.Bb2 O-O 11.Re1 Rc8 12.h3 Qa5 13.Qd2 Rfd8 14.Rad1 Qc7 15.Bf1 d5
16.exd5 Bb4 17.a3 Bxd5 18.Qe3 Ba5 19.Nh4 Nd4 20.b4 Bb6 21.Qxe5 Qxe5 22.Rxe5
Be6 23.Bd3 g5 24.Nf5 Nxf5 25.Bxf5 Rxd1+ 26.Nxd1 Bxf5 27.Rxf5 Ne4 28.Kf1 Rxc2
29.Re5 Nxf2 30.Re8+ Kh7 31.g4 f6 32.Bxf6 Nxd1 33.Be5 Bf2 34.Re7+ Kg8 35.Kg2
Bc5+ {#R} 0-1

[Event "It"]
[Site "masterchessopen.com – Yurmala (Latvia)"]
[Round "8"]
[White "Bronstein David I (RUS)"]
[Black "Lanka Zigurds (LAT)"]
[Result "1-0"]
[WhiteElo "2432"]
[BlackElo "2469"]

1.e4 c5 2.Nf3 Nc6 3.d4 cxd4 4.Nxd4 Nf6 5.Nc3 d6 6.Be2 e5 7.Nf3 h6 8.O-O Be6
9.b3 Be7 10.Bb2 O-O 11.Nd2 Nd4 12.Bd3 Rc8 13.Ne2 Nxe2+ 14.Qxe2 Nd7 15.c4 a6
16.Nb1 Nc5 17.Nc3 Bg5 18.Rad1 Qa5 19.Bb1 Rfd8 20.g3 Qb6 21.Kh1 Be7 22.f4 f6
23.Nd5 Bxd5 24.exd5 Qc7 25.fxe5 dxe5 26.Qg4 e4 27.b4 {#r} 1-0

[Event "It (open)"]
[Site "masterchessopen.com – Lone Pine (USA)"]
[Round "0"]
[White "Ligterink Gert (NED)"]
[Black "Youngworth Perry (USA)"]
[Result "1-0"]
[WhiteElo "2440"]
[BlackElo "2375"]

1.e4 c5 2.Nf3 d6 3.d4 cxd4 4.Nxd4 Nf6 5.Nc3 Nc6 6.Be2 e5 7.Nf3 h6 8.O-O Be7
9.b3 Be6 10.Bb2 O-O 11.Nd2 a6 12.a4 Nd4 13.Bd3 d5 14.exd5 Nxd5 15.Nxd5 Bxd5
16.Qh5 Bg5 17.f4 g6 18.Qd1 Bf6 19.f5 Qb6 20.Kh1 Qc6 21.Qg4 h5 22.Qg3 e4 23.c4
exd3 24.cxd5 Qc2 25.Ne4 Qxb2 26.Nxf6+ Kh8 27.fxg6 Nf5 28.g7+ Nxg7 29.Qg5 {#r}
1-0

[Event "Ch Europe (juniors)"]
[Site "masterchessopen.com – Groningen (Netherlands)"]
[Round "6"]
[White "Pantavos Panayotis"]
[Black "Heilinger Dietmar (AUT)"]
[Result "1-0"]
[WhiteElo "2260"]
[BlackElo "2161"]

1.e4 c5 2.Nf3 d6 3.d4 cxd4 4.Nxd4 Nf6 5.Nc3 Nc6 6.Be2 e5 7.Nf3 h6 8.Bc4 Be6
9.Bxe6 fxe6 10.O-O g5 11.Be3 Be7 12.Qd3 Ng4 13.Rad1 Nxe3 14.Qxe3 g4 15.Nd2 Nd4
16.Ne2 Bf6 17.c3 Nc6 18.Nc4 d5 19.exd5 exd5 20.Nf4 dxc4 21.Rxd8+ Rxd8 22.Nh5
Bg5 23.Qe4 Rd2 24.Qxg4 Rf8 25.Ng7+ Ke7 26.h4 Bf6 27.Ne6 Rf7 28.Nc5 Rxb2 29.Rd1
Nd8 30.Qc8 {#r} 1-0

[Event "Ch Moscow (cat.13)"]
[Site "masterchessopen.com – Moscow (Russia)"]
[Round "0"]
[White "Smagin Sergey (RUS)"]
[Black "Makarichev Sergey (RUS)"]
[Result "0-1"]
[WhiteElo "2551"]
[BlackElo "2505"]

1.e4 c5 2.Nf3 d6 3.d4 cxd4 4.Nxd4 Nf6 5.Nc3 Nc6 6.Be2 e5 7.Nf3 Be7 8.O-O O-O
9.Re1 a6 10.h3 Be6 11.Bf1 b5 12.a4 bxa4 13.Nd5 Bxd5 14.exd5 Nb4 15.c4 Nd7
16.Rxa4 a5 17.Ra3 Nc5 18.Bd2 Qb6 19.Nd4 Bh4 20.Qg4 Bxf2+ 21.Kxf2 f5 22.Nxf5
Ne4+ 23.Kf3 Rxf5+ 24.Qxf5 Qf2+ 25.Kxe4 Qxd2 26.Ree3 Rf8 27.Qxf8+ Kxf8 28.Rxa5
Qd4+ 29.Kf3 Qf4+ 30.Ke2 Qxc4+ 31.Kd2 Qd4+ 32.Ke2 Nxd5 33.Rb3 Qc4+ {#R} 0-1

[Event "It"]
[Site "masterchessopen.com – Hastings (England)"]
[Round "12"]
[White "Mestel A Jonathan (ENG)"]
[Black "Csom Istvan (HUN)"]
[Result "1-0"]
[WhiteElo "2545"]
[BlackElo "2500"]

1.e4 c5 2.Nf3 d6 3.d4 cxd4 4.Nxd4 Nf6 5.Nc3 Nc6 6.Be2 e5 7.Nf3 h6 8.O-O Be6
9.Re1 Be7 10.b3 O-O 11.Bb2 Rc8 12.a3 a6 13.h3 Nb8 14.Bf1 Qc7 15.Rc1 Qc6 16.a4
Nbd7 17.Qe2 Rfe8 18.Nb1 Nc5 19.Nbd2 Bd8 20.g3 Ncxe4 21.Nxe4 Nxe4 22.Bg2 Nc3
23.Qd2 Bd5 24.Re3 Ne4 25.Qe2 Nf6 26.c4 Bxf3 27.Bxf3 Qd7 28.Rd1 Bb6 29.Rxe5
Qxh3 30.Rxd6 Qxg3+ 31.Kf1 Bxf2 32.Qxf2 Qh3+ 33.Qg2 {#r} 1-0

[Event "Olympiad"]
[Site "masterchessopen.com – Salonika (Greece)"]
[Round "1"]
[White "Yilmaz Gulsevil (TUR)"]
[Black "Hund Barbara (SUI)"]
[Result "0-1"]
[WhiteElo "2005"]
[BlackElo "2226"]

1.e4 c5 2.Nf3 d6 3.d4 cxd4 4.Nxd4 Nf6 5.Nc3 Nc6 6.Be2 e5 7.Nf3 Be7 8.Bg5 Be6
9.Qd2 O-O 10.O-O Rc8 11.Rfd1 Qa5 12.Bxf6 Bxf6 13.Nb5 Be7 14.Qxa5 Nxa5 15.c3
Bc4 16.Bxc4 Nxc4 17.b3 a6 18.Na7 Ra8 19.bxc4 Rxa7 20.c5 dxc5 21.Nxe5 b5 22.Rd5
Rc7 23.Rad1 Rfc8 24.Rd7 b4 25.c4 a5 26.f4 h6 27.Nc6 Rxd7 28.Rxd7 Rxc6 29.Rxe7
Rd6 30.Rc7 Rd2 31.Rxc5 Rxa2 32.Rb5 Rc2 33.c5 a4 34.Rxb4 a3 35.Rb1 a2 36.Re1
Rb2 {#R} 0-1

[Event "It (open)"]
[Site "masterchessopen.com – Harkany (Hungary)"]
[Round "0"]
[White "Emodi Gyula (HUN)"]
[Black "Kiss Attila (HUN)"]
[Result "1-0"]
[WhiteElo "2254"]
[BlackElo "2358"]

1.e4 c5 2.Nf3 d6 3.d4 cxd4 4.Nxd4 Nf6 5.Nc3 Nc6 6.Be2 e5 7.Nf3 h6 8.O-O Be7
9.Re1 O-O 10.h3 Be6 11.Bf1 Rc8 12.Nd5 Bxd5 13.exd5 Nb4 14.c4 a5 15.a3 Na6
16.Rb1 Nd7 17.b4 axb4 18.axb4 f5 19.c5 dxc5 20.b5 Nb4 21.Nxe5 Nxe5 22.Rxe5 Bd6
23.Re6 Rf6 24.Bb2 Rxe6 25.dxe6 Qe7 26.Bc4 Rf8 27.Qe2 Kh7 28.Rd1 Kh8 29.Qd2 Rd8
30.Qxh6+ Kg8 31.Qxg7+ Qxg7 32.e7+ Kh7 33.exd8=Q {#r} 1-0

[Event "Ch Yugoslavia"]
[Site "masterchessopen.com – Novi Sad (Yugoslavia)"]
[Round "0"]
[White "Abramovic Bosko (SRB)"]
[Black "Damljanovic Branko (SRB)"]
[Result "0-1"]
[WhiteElo "2460"]
[BlackElo "2410"]

1.e4 c5 2.Nf3 Nc6 3.d4 cxd4 4.Nxd4 Nf6 5.Nc3 d6 6.Be2 e5 7.Nf3 h6 8.O-O Be7
9.Re1 O-O 10.h3 Be6 11.Bf1 Nb8 12.a4 Nbd7 13.a5 a6 14.Nd5 Rc8 15.c4 Nh7 16.b4
Ng5 17.Nh2 Nf6 18.Bd3 Nxd5 19.exd5 Bd7 20.Bf1 f5 21.Ba3 Qe8 22.c5 Qg6 23.Qb3
f4 24.Kh1 f3 25.g4 h5 26.h4 hxg4 27.hxg5 Bxg5 28.Bc1 Bxc1 29.Raxc1 Qh5 30.c6
Kf7 {#R} 0-1

[Event "It"]
[Site "masterchessopen.com – Reykjavik (Iceland)"]
[Round "0"]
[White "Sigurjonsson Gudmundur (ISL)"]
[Black "Thorsteins Karl (ISL)"]
[Result "1-0"]
[WhiteElo "2485"]
[BlackElo "2400"]

1.e4 c5 2.Nf3 Nc6 3.d4 cxd4 4.Nxd4 Nf6 5.Nc3 d6 6.Be2 e5 7.Nf3 h6 8.O-O Be7
9.Re1 O-O 10.h3 a6 11.Bf1 b5 12.a4 b4 13.Nd5 Nxd5 14.exd5 Na5 15.Bd2 Rb8
16.Re4 b3 17.Qe1 Nb7 18.cxb3 Nc5 19.Rb4 Rxb4 20.Bxb4 Nxb3 21.Ra3 Nd4 22.Nxd4
exd4 23.a5 Bf6 24.Bc4 Bb7 25.Qf1 Qa8 26.Bxd6 Rc8 27.Bf4 Bxd5 28.Bxd5 Qxd5
29.Qxa6 Ra8 30.Qb6 Qe4 31.Bd2 Qe2 32.Qc6 Re8 33.a6 Bh4 34.g3 Qd1+ 35.Kg2 Re2
36.Qc1 {#r} 1-0

[Event "?"]
[Site "masterchessopen.com – URS"]
[Round "0"]
[White "Smirin Ilia (ISR)"]
[Black "Ronin V (RUS)"]
[Result "1-0"]
[WhiteElo "2678"]
[BlackElo "2285"]

1.e4 c5 2.Nf3 d6 3.d4 cxd4 4.Nxd4 Nf6 5.Nc3 Nc6 6.Be2 e5 7.Nf3 h6 8.O-O Be7
9.Re1 O-O 10.h3 Be6 11.Bf1 Qa5 12.Bd2 Qb6 13.Na4 Qc7 14.c4 Rfd8 15.Nc3 Bf8
16.Nd5 Bxd5 17.cxd5 Ne7 18.Qa4 Nc8 19.Rac1 Qe7 20.Ba5 Nb6 21.Qb3 Nfd7 22.Rc2
Rdc8 23.Rec1 Nc5 24.Qe3 Qe8 25.Bxb6 axb6 26.b4 Na4 27.Bb5 Qxb5 28.Rxc8 Rxc8
29.Rxc8 Qxb4 30.Nh4 Qb5 31.Nf5 Qd7 32.Nxh6+ {#r} 1-0

[Event "It"]
[Site "masterchessopen.com – Quebec (Canada)"]
[Round "1"]
[White "Georgiev Kiril (MKD)"]
[Black "Williams Leo (CAN)"]
[Result "1-0"]
[WhiteElo "2535"]
[BlackElo "2240"]

1.e4 c5 2.Nf3 d6 3.d4 cxd4 4.Nxd4 Nf6 5.Nc3 Nc6 6.Be2 e5 7.Nf3 h6 8.O-O Be6
9.Re1 Be7 10.Bf1 O-O 11.h3 Rc8 12.Nd5 Re8 13.c4 b5 14.Nxf6+ Bxf6 15.cxb5 Nb4
16.Re2 d5 17.exd5 Qxd5 18.Qxd5 Bxd5 19.Ne1 Nxa2 20.Be3 Re7 21.Rd2 Be6 22.Rd6
Nb4 23.Bxa7 Ra8 24.b6 e4 25.Ra4 Nd3 26.Nxd3 exd3 27.Bxd3 Rc8 28.Re4 Rc1+
29.Kh2 {#r} 1-0

[Event "?"]
[Site "masterchessopen.com – Graz (Austria)"]
[Round "6"]
[White "King Daniel J (ENG)"]
[Black "Lendwai Reinhard (AUT)"]
[Result "1-0"]
[WhiteElo "2470"]
[BlackElo "2397"]

1.e4 c5 2.Nf3 d6 3.d4 cxd4 4.Nxd4 Nf6 5.Nc3 Nc6 6.Be2 e5 7.Nf3 h6 8.O-O Be7
9.Re1 O-O 10.h3 Be6 11.Bf1 Rc8 12.Nd5 a6 13.c4 Bxd5 14.exd5 Na5 15.b3 b5
16.cxb5 axb5 17.Bxb5 Rc5 18.a4 Rxd5 19.Qc2 Qa8 20.Be3 Rc8 21.Qb2 Qb7 22.Qe2
Rc3 23.b4 Nb3 24.Rab1 e4 25.Qb2 Qc8 26.Ba6 Qxa6 27.Qxc3 Rd4 28.Qc2 Rd5 29.b5
Qb7 30.Rxb3 exf3 31.Qc6 Qb8 32.b6 Re5 33.b7 Bd8 34.Qc8 {#r} 1-0

[Event "It (open)"]
[Site "masterchessopen.com – Hallein (Austria)"]
[Round "6"]
[White "Hasenoehrl Markus (GER)"]
[Black "Kiss Attila (HUN)"]
[Result "0-1"]
[WhiteElo "2085"]
[BlackElo "2358"]

1.e4 c5 2.Nf3 Nc6 3.d4 cxd4 4.Nxd4 Nf6 5.Nc3 d6 6.Be2 e5 7.Nf3 h6 8.h3 Be7
9.Be3 O-O 10.Qd2 Be6 11.O-O-O Qa5 12.a3 Rfd8 13.g4 d5 14.Nxd5 Bb4 15.Nxb4 Rxd2
16.Bxd2 Nxb4 17.Bxb4 Qb6 18.Nxe5 Qxf2 19.Bf3 Rc8 20.Rd2 Qg3 21.Bd6 Ne8 {#R}
0-1

[Event "It (w)"]
[Site "masterchessopen.com – Naleczow (Poland)"]
[Round "6"]
[White "Rzeczycka B"]
[Black "Wagner-Michel Annett (GER)"]
[Result "0-1"]
[WhiteElo "2095"]
[BlackElo "2169"]

1.e4 c5 2.Nf3 Nc6 3.d4 cxd4 4.Nxd4 Nf6 5.Nc3 d6 6.Be2 e5 7.Nf3 h6 8.O-O Be7
9.Re1 O-O 10.h3 a6 11.Bf1 Be6 12.Nd5 b5 13.a4 b4 14.a5 Bxd5 15.exd5 Nxa5
16.Ra4 Rb8 17.Be3 Qc7 18.b3 Bd8 19.Bxa6 Ne4 20.Ra1 Nc3 21.Qd2 f5 22.g3 Kh8
23.Bxh6 Ne4 24.Qc1 Qa7 25.Be3 Qxa6 26.Ng5 Bxg5 27.Bxg5 Qb6 28.Qe3 Qxe3 29.Bxe3
Rb5 30.Bb6 Nxb3 31.cxb3 Rxb6 {#R} 0-1

[Event "It"]
[Site "masterchessopen.com – Rostock (Germany)"]
[Round "6"]
[White "Kwiecien Zbigniew (POL)"]
[Black "Kalinitschew Sergey (GER)"]
[Result "0-1"]
[WhiteElo "2139"]
[BlackElo "2420"]

1.e4 c5 2.Nf3 d6 3.d4 cxd4 4.Nxd4 Nf6 5.Nc3 Nc6 6.Be2 e5 7.Nf3 h6 8.O-O Be7
9.Re1 O-O 10.h3 a6 11.a4 Be6 12.Bf1 Rc8 13.Nd5 Bxd5 14.exd5 Nb4 15.c4 a5
16.Be3 Nd7 17.Nd2 Bg5 18.Ne4 Bxe3 19.Rxe3 Nc5 20.Nxc5 Rxc5 21.g4 f5 22.gxf5
Rxf5 23.Rg3 Qf6 24.Rg2 Rc7 25.Ra3 Rf7 26.Qd2 Rf4 27.Rag3 g5 28.Rg4 Kf8 29.R4g3
Qf5 30.Rc3 Na6 31.Qc2 Qxc2 32.Rxc2 Nc5 33.Rg3 Rf3 34.Rxf3 Rxf3 35.Kg2 Rb3 {#R}
0-1

[Event "?"]
[Site "masterchessopen.com – URS"]
[Round "0"]
[White "Totsky Leonid (RUS)"]
[Black "Lagunow Alexander (GER)"]
[Result "0-1"]
[WhiteElo "2469"]
[BlackElo "2430"]

1.e4 c5 2.Nf3 d6 3.d4 cxd4 4.Nxd4 Nf6 5.Nc3 Nc6 6.Be2 e5 7.Nf3 h6 8.O-O Be7
9.Re1 O-O 10.h3 Be6 11.Bf1 Qa5 12.a3 Rfc8 13.Rb1 Qc7 14.b4 Nb8 15.Bb2 Nbd7
16.Rc1 Nb6 17.Nd5 Nbxd5 18.exd5 Nxd5 19.c4 Nf6 20.c5 dxc5 21.Nxe5 Qd6 22.Qf3
cxb4 23.Rxc8+ Rxc8 24.Qxb7 bxa3 25.Ba1 Qb4 26.Rb1 Qxb7 27.Rxb7 Rc1 28.Bd4 Bc5
29.Bxc5 Rxc5 30.Bd3 a2 31.Rxa7 Rc1+ {#R} 0-1

[Event "It (open)"]
[Site "masterchessopen.com – Athens (Greece)"]
[Round "0"]
[White "Kotronias Vasilios (GRE)"]
[Black "Efstathiou Damianos (GRE)"]
[Result "1-0"]
[WhiteElo "2475"]
[BlackElo "2140"]

1.e4 c5 2.Nf3 d6 3.d4 cxd4 4.Nxd4 Nf6 5.Nc3 Nc6 6.Be2 e5 7.Nf3 h6 8.O-O Be7
9.Re1 O-O 10.h3 Re8 11.Bf1 Bf8 12.b3 a6 13.Bb2 b5 14.Qd2 Bb7 15.a4 b4 16.Nd5
Nxd5 17.exd5 Na5 18.Re4 Rc8 19.Rxb4 Rc5 20.Rxb7 Nxb7 21.b4 Rc7 22.Bxa6 e4
23.Nd4 e3 24.fxe3 Qg5 25.Bd3 g6 26.Nc6 Qxd5 27.Qc3 Re5 28.b5 Qc5 29.Qxc5 Rxc5
30.a5 Rc8 31.a6 Nd8 32.a7 {#r} 1-0

[Event "Memorial A.Kotov"]
[Site "masterchessopen.com – Odessa (Ukraine)"]
[Round "0"]
[White "Smagin Sergey (RUS)"]
[Black "Kaminski Uwe (GER)"]
[Result "1-0"]
[WhiteElo "2535"]
[BlackElo "2356"]

1.e4 c5 2.Nf3 Nc6 3.d4 cxd4 4.Nxd4 Nf6 5.Nc3 d6 6.Be2 e5 7.Nf3 h6 8.O-O Be7
9.Re1 O-O 10.h3 Be6 11.Bf1 Qa5 12.a3 Rfc8 13.Rb1 Nb8 14.Nh4 Qb6 15.Qf3 Nc6
16.Be3 Nd4 17.Bxd4 exd4 18.Nd5 Nxd5 19.exd5 Bxd5 20.Qxd5 Bxh4 21.Bd3 Qc6
22.Qf5 g6 23.Qg4 Bf6 24.Bxg6 Kf8 25.Qf4 Kg7 26.Bd3 Qd5 27.Be4 Qb5 28.Qg4+ Kf8
{#r} 1-0

[Event "It"]
[Site "masterchessopen.com – Barcelona (Spain)"]
[Round "9"]
[White "De La Villa Garcia Jesus M (ESP)"]
[Black "Vera Reynaldo (CUB)"]
[Result "1-0"]
[WhiteElo "2475"]
[BlackElo "2485"]

1.e4 c5 2.Nf3 d6 3.d4 cxd4 4.Nxd4 Nf6 5.Nc3 Nc6 6.Be2 e5 7.Nf3 h6 8.O-O Be7
9.Re1 O-O 10.h3 Re8 11.Bf1 Bf8 12.b3 Bd7 13.Nb5 Nb4 14.a3 a6 15.axb4 axb5
16.Rxa8 Qxa8 17.Bb2 Bc6 18.Bd3 d5 19.exd5 Nxd5 20.Nxe5 Bxb4 21.Qg4 Re7 22.Ra1
Qf8 23.Nxc6 bxc6 24.Ra8 {#r} 1-0

[Event "It"]
[Site "masterchessopen.com – Habana (Cuba)"]
[Round "12"]
[White "Herrera Irisberto (ESP)"]
[Black "Otero Evelio (CUB)"]
[Result "0-1"]
[WhiteElo "2444"]
[BlackElo "2385"]

1.e4 c5 2.Nf3 Nc6 3.d4 cxd4 4.Nxd4 Nf6 5.Nc3 d6 6.Be2 e5 7.Nf3 h6 8.O-O Be7
9.h3 O-O 10.Re1 a6 11.Bf1 Qc7 12.Nd5 Nxd5 13.exd5 Nb8 14.c4 f5 15.Rb1 Bf6
16.b3 Nd7 17.Bb2 a5 18.Qc2 Nc5 19.Nd2 Bd7 20.a3 b6 21.f3 Rae8 22.b4 Ba4 23.Qc1
Nb7 24.Bc3 Bd7 25.Kh1 a4 26.Bb2 Qd8 27.Qc2 Bg5 28.Red1 Bf4 29.Be2 Qh4 30.Nf1
Rf7 31.b5 Nc5 32.Bc3 e4 33.Bd4 g5 34.Bxc5 {#R} 0-1

[Event "Ch URS (juniors) (qual)"]
[Site "masterchessopen.com – Leningrad (Russia)"]
[Round "0"]
[White "Asrian Karen (ARM)"]
[Black "Krakops Maris (LAT)"]
[Result "1-0"]
[WhiteElo "2630"]
[BlackElo "2510"]

1.e4 c5 2.Nf3 Nc6 3.d4 cxd4 4.Nxd4 Nf6 5.Nc3 d6 6.Be2 e5 7.Nf3 h6 8.O-O Be6
9.h3 Be7 10.Re1 O-O 11.Bf1 Re8 12.Nd5 Rc8 13.c4 Na5 14.b3 Nxd5 15.exd5 Bd7
16.Ba3 b6 17.Rc1 Nb7 18.Bd3 f5 19.Bb1 Bf6 20.Kh1 g6 21.Rg1 Kh7 22.Nh2 Rg8
23.g4 Qe7 24.gxf5 gxf5 25.Qh5 Rg5 26.Rxg5 Bxg5 27.Rg1 Kh8 28.h4 Be8 29.Qf3
Bxh4 30.Qxf5 Bd7 31.Qh5 Bg5 32.Nf3 Be8 33.Qh2 Bf4 34.Qxf4 exf4 35.Bb2+ Qe5
36.Nxe5 {#r} 1-0

[Event "Olympiad"]
[Site "masterchessopen.com – Novi Sad (Yugoslavia)"]
[Round "0"]
[White "Rantanen Yrjo A (FIN)"]
[Black "Wang Zili (CHN)"]
[Result "0-1"]
[WhiteElo "2400"]
[BlackElo "2488"]

1.e4 c5 2.Nf3 d6 3.d4 cxd4 4.Nxd4 Nf6 5.Nc3 Nc6 6.Be2 e5 7.Nf3 h6 8.O-O Be7
9.Re1 O-O 10.h3 Be6 11.Bf1 Nb8 12.Nd2 Qc8 13.Bd3 Nbd7 14.Nf1 Nc5 15.f4 exf4
16.Bxf4 Re8 17.Qf3 a6 18.Ng3 Qc6 19.Kh1 Rac8 20.Rad1 Nxd3 21.cxd3 d5 22.Nf5
Bxf5 23.exf5 Bd6 24.Bxd6 Qxd6 25.d4 Rcd8 26.a3 Re7 27.Rxe7 Qxe7 28.Qf4 Re8
29.Rd2 Qe1+ 30.Kh2 Ng4+ 31.Qxg4 Qxd2 32.Nxd5 Qg5 33.Qf3 Qd8 34.f6 Qd6+ 35.Kg1
Rd8 36.Ne7+ Kh7 {#R} 0-1

[Event "Ch Spain (team)"]
[Site "masterchessopen.com – Spain"]
[Round "4"]
[White "Pascual Arevalo Ruben (ESP)"]
[Black "Nunez Jose (CHI)"]
[Result "1-0"]
[WhiteElo "2178"]
[BlackElo "1980"]

1.e4 c5 2.Nf3 Nc6 3.d4 cxd4 4.Nxd4 Nf6 5.Nc3 d6 6.Be2 e5 7.Nf3 h6 8.O-O Be7
9.Re1 O-O 10.h3 a6 11.Bf1 Be6 12.Nd5 b5 13.c3 Na5 14.a4 Nxd5 15.exd5 Bd7 16.b4
Nc4 17.Bxc4 bxc4 18.Nd2 Rc8 19.Qe2 Qc7 20.Nf1 Bf5 21.Be3 Bd3 22.Qh5 Qb7 23.f4
Bf6 24.f5 Qxd5 25.Nh2 g6 26.Ng4 Bg7 27.Qh4 h5 28.Nf6+ Bxf6 29.Qxf6 Kh7 30.Rad1
Rce8 31.Qg5 Qc6 32.Qh6+ Kg8 33.f6 {#r} 1-0

[Event "Ch Uzbekistan"]
[Site "masterchessopen.com – Tashkent (Uzbekistan)"]
[Round "0"]
[White "Kayumov Dmitry D (UZB)"]
[Black "Kaliksteyn Alexander (USA)"]
[Result "1-0"]
[WhiteElo "2441"]
[BlackElo "2395"]

1.e4 c5 2.Nf3 d6 3.d4 cxd4 4.Nxd4 Nf6 5.Nc3 Nc6 6.Be2 e5 7.Nf3 h6 8.O-O Be7
9.Re1 O-O 10.h3 a6 11.Bf1 b5 12.a4 b4 13.Nd5 Bb7 14.Be3 a5 15.Bb6 Qd7 16.Bb5
Kh8 17.Nd2 Ne8 18.Nc4 Bd8 19.Nce3 Nc7 20.Bxc7 Bxc7 21.Nf5 Rad8 22.Qh5 f6
23.Nde7 Rfe8 24.Nxg7 Rxe7 25.Qxh6+ Kg8 26.Bc4+ Rf7 27.Nh5 d5 28.Re3 Rh7
29.Rg3+ {#r} 1-0